000 00756nam a2200241Ia 4500
001 17962
003 GE_BSU
008 181216s||||||||xx |||||||||||||| ||und||
020 _a9789994095391
040 _cGE_BSU
080 _a347.7(075.8)
100 _aქოქრაშვილი,ქ.
245 _aსამეწარმეო სამართალი
245 _bსახელმძღვანელო
260 _aთბილისი
260 _bტექნიკური უნივერსიტეტი
260 _c2007
300 _a347გვ. ; 22სმ.
541 _h10ლ.65თ.
653 _aსამეწარმეო სამართალი
653 _aქაეროქსი
942 _cBK
999 _c51005
_d51005